00933 2200325 4500001002100000005001500021035002000036007000300056040001700059245009800076250001200174300003900186020002200225041000800247082001000255084001600265090002100281264003700302336002100339337003000360338002300390650001200413700003500425850001000460008004100470100002800511504002800539990002000567990002000587INLIS00000000000743020260602022949 a0010-0822000404ta aSBPUPADbind1 aMemahami Gizi Untuk Kesehatan Ibu Hamil dan Ibu Menyusui /cKusno Waluyo ;Editor,Rissa Yanuar a.-cet.1 aiv,120hlm :bilus. ;c17,5 x 25 cm a978-602-8713-34-417aind a641.3 a641.3 KUS m a641.5 FIO s 20-8 a.--Bandung; :bPuri Delco,c2010 2rdacontentateks 2rdamediaatanpa perantara 2rdacarrieravolume 4aMakanan0 aEditor,Rissa YanuarePengarang aPUPAD260602 0 0 aKusno WaluyoePengarang aBibliografi,hlm 119-120 a083/S/KAPP/2012 a084/S/KAPP/2012